[Event "Blitz 2018"]
[Site "Saint-Petersburg"]
[Date "2018.12.29"]
[Round "12"]
[Board "16"]
[White "Cheparinov Ivan (GEO)"]
[Black "Zhigalko Sergei (BLR)"]
[Result "1-0"]
[LiveChessVersion "1.4.8"]
[BlackElo "2693"]
[WhiteElo "2618"]

1. Nf3 {[%clk 0:03:03]} d5 {[%clk 0:03:02]} 2. d4 {[%clk 0:03:03]} e6
{[%clk 0:03:03]} 3. c4 {[%clk 0:03:03]} c6 {[%clk 0:03:04]} 4. Qc2
{[%clk 0:02:58]} dxc4 {[%clk 0:03:05]} 5. Qxc4 {[%clk 0:02:54]} b5
{[%clk 0:03:06]} 6. Qc2 {[%clk 0:02:51]} Bb7 {[%clk 0:03:06]} 7. e4
{[%clk 0:02:47]} Nd7 {[%clk 0:03:07]} 8. Be2 {[%clk 0:02:39]} Ngf6
{[%clk 0:03:01]} 9. Bg5 {[%clk 0:02:40]} Be7 {[%clk 0:03:01]} 10. O-O
{[%clk 0:02:37]} O-O {[%clk 0:03:01]} 11. Nbd2 {[%clk 0:02:36]} Rc8
{[%clk 0:02:55]} 12. a4 {[%clk 0:02:35]} h6 {[%clk 0:02:43]} 13. Bxf6
{[%clk 0:02:34]} Nxf6 {[%clk 0:02:43]} 14. Rfd1 {[%clk 0:02:22]} c5
{[%clk 0:02:24]} 15. d5 {[%clk 0:01:52]} exd5 {[%clk 0:02:20]} 16. e5
{[%clk 0:01:53]} Nd7 {[%clk 0:02:11]} 17. axb5 {[%clk 0:01:50]} Qb6
{[%clk 0:02:09]} 18. Nc4 {[%clk 0:01:36]} Qc7 {[%clk 0:02:08]} 19. Ne3
{[%clk 0:01:32]} d4 {[%clk 0:01:38]} 20. Nf5 {[%clk 0:01:15]} Rfe8
{[%clk 0:00:50]} 21. e6 {[%clk 0:01:16]} Nf6 {[%clk 0:00:27]} 22. exf7+
{[%clk 0:01:12]} Kxf7 {[%clk 0:00:28]} 23. Bc4+ {[%clk 0:00:57]} Bd5
{[%clk 0:00:16]} 24. Nxh6+ {[%clk 0:00:56]} gxh6 {[%clk 0:00:12]} 25. Bxd5+
{[%clk 0:00:57]} Nxd5 {[%clk 0:00:05]} 26. Qh7+ {[%clk 0:00:50]} Ke6
{[%clk 0:00:06]} 27. Qe4+ {[%clk 0:00:44]} Kf7 {[%clk 0:00:04]} 28. Qxd5+
{[%clk 0:00:44]} Kg7 {[%clk 0:00:05]} 29. Ne5 {[%clk 0:00:29]} Bf6
{[%clk 0:00:04]} 30. Ng4 {[%clk 0:00:24]} Rcd8 {[%clk 0:00:04]} 31. Qf5
{[%clk 0:00:24]} Bg5 {[%clk 0:00:04]} 32. g3 {[%clk 0:00:18]} Rd6
{[%clk 0:00:04]} 33. h4 {[%clk 0:00:17]} Bd8 {[%clk 0:00:05]} 34. Re1
{[%clk 0:00:16]} Rf8 {[%clk 0:00:07]} 35. Qe5+ {[%clk 0:00:17]} Kg8
{[%clk 0:00:06]} 36. Re4 {[%clk 0:00:15]} Qd7 {[%clk 0:00:06]} 37. Ra6
{[%clk 0:00:14]} Rxa6 {[%clk 0:00:05]} 38. bxa6 {[%clk 0:00:15]} d3
{[%clk 0:00:07]} 39. Nxh6+ {[%clk 0:00:12]} Kh7 {[%clk 0:00:07]} 40. Qh5
{[%clk 0:00:05]} d2 {[%clk 0:00:05]} 41. Nf5+ {[%clk 0:00:06]} Kg8
{[%clk 0:00:03]} 42. Qg6+ {[%clk 0:00:06]} Kh8 {[%clk 0:00:04]} 43. Qh6+
{[%clk 0:00:06]} Kg8 {[%clk 0:00:06]} 44. Rg4+ {[%clk 0:00:06]} Kf7
{[%clk 0:00:06]} 45. Rg7+ {[%clk 0:00:07]} Ke8 {[%clk 0:00:06]} 46. Rxd7
{[%clk 0:00:08]} Kxd7 {[%clk 0:00:05]} 47. Qd6+ {[%clk 0:00:09]} Kc8
{[%clk 0:00:06]} 48. Qxd2 {[%clk 0:00:07]} Rxf5 {[%clk 0:00:08]} 49. Qd3
{[%clk 0:00:07]} Rf6 {[%clk 0:00:07]} 50. h5 {[%clk 0:00:07]} Bb6
{[%clk 0:00:05]} 51. Qe4 {[%clk 0:00:07]} c4 {[%clk 0:00:05]} 52. Qe8+
{[%clk 0:00:07]} Bd8 {[%clk 0:00:06]} 53. f4 {[%clk 0:00:05]} Rxa6
{[%clk 0:00:07]} 54. Qe5 {[%clk 0:00:04]} Bc7 {[%clk 0:00:04]} 55. Qf5+
{[%clk 0:00:05]} Kb7 {[%clk 0:00:04]} 56. Qb5+ {[%clk 0:00:06]} Rb6
{[%clk 0:00:04]} 57. Qd5+ {[%clk 0:00:07]} Kb8 {[%clk 0:00:05]} 58. Qxc4
{[%clk 0:00:07]} Rxb2 {[%clk 0:00:05]} 59. h6 {[%clk 0:00:09]} Bb6+
{[%clk 0:00:06]} 60. Kh1 {[%clk 0:00:10]} Rd2 {[%clk 0:00:04]} 61. Qg8+
{[%clk 0:00:10]} Kb7 {[%clk 0:00:06]} 62. h7 {[%clk 0:00:10]} Bd4
{[%clk 0:00:07]} 63. h8=Q {[%clk 0:00:10]} Rd1+ {[%clk 0:00:07]} 64. Kg2
{[%clk 0:00:11]} Bxh8 {[%clk 0:00:08]} 65. Qb3+ {[%clk 0:00:11]} 1-0

[Event "Blitz 2018"]
[Site "Saint-Petersburg"]
[Date "2018.12.29"]
[Round "12"]
[Board "18"]
[White "Amin Bassem (EGY)"]
[Black "Sargissian Gabriel (ARM)"]
[Result "1-0"]
[LiveChessVersion "1.4.8"]
[BlackElo "2651"]
[WhiteElo "2659"]

1. e4 {[%clk 0:03:02]} e5 {[%clk 0:03:03]} 2. Nf3 {[%clk 0:03:03]} Nc6
{[%clk 0:03:04]} 3. Bc4 {[%clk 0:03:04]} Bc5 {[%clk 0:03:05]} 4. O-O
{[%clk 0:03:04]} Nf6 {[%clk 0:03:06]} 5. d3 {[%clk 0:03:05]} d6 {[%clk 0:03:06]}
6. c3 {[%clk 0:03:06]} a6 {[%clk 0:03:07]} 7. Re1 {[%clk 0:03:03]} Ba7
{[%clk 0:03:06]} 8. Bb3 {[%clk 0:03:04]} O-O {[%clk 0:03:02]} 9. h3
{[%clk 0:03:04]} Kh8 {[%clk 0:02:58]} 10. d4 {[%clk 0:02:46]} Kg8
{[%clk 0:02:47]} 11. Bg5 {[%clk 0:02:37]} h6 {[%clk 0:02:43]} 12. Bh4
{[%clk 0:02:38]} Re8 {[%clk 0:02:19]} 13. dxe5 {[%clk 0:02:21]} dxe5
{[%clk 0:02:02]} 14. Qxd8 {[%clk 0:02:13]} Rxd8 {[%clk 0:02:03]} 15. Nbd2
{[%clk 0:02:04]} g5 {[%clk 0:01:52]} 16. Bg3 {[%clk 0:02:05]} Nh5
{[%clk 0:01:52]} 17. Nf1 {[%clk 0:01:58]} Nf4 {[%clk 0:01:41]} 18. Rad1
{[%clk 0:01:52]} Be6 {[%clk 0:01:38]} 19. Bxf4 {[%clk 0:01:33]} exf4
{[%clk 0:01:36]} 20. Bd5 {[%clk 0:01:34]} Kg7 {[%clk 0:01:17]} 21. Rd2
{[%clk 0:01:22]} Rd6 {[%clk 0:01:07]} 22. Red1 {[%clk 0:01:22]} Rad8
{[%clk 0:00:55]} 23. b3 {[%clk 0:01:03]} Bxd5 {[%clk 0:00:50]} 24. exd5
{[%clk 0:01:02]} Ne7 {[%clk 0:00:51]} 25. c4 {[%clk 0:01:03]} c6 {[%clk 0:00:39]}
26. dxc6 {[%clk 0:00:57]} Rxd2 {[%clk 0:00:39]} 27. Rxd2 {[%clk 0:00:57]} Rxd2
{[%clk 0:00:39]} 28. N1xd2 {[%clk 0:00:58]} Nxc6 {[%clk 0:00:39]} 29. Ne4
{[%clk 0:00:55]} Nb4 {[%clk 0:00:33]} 30. a3 {[%clk 0:00:50]} Nc2
{[%clk 0:00:26]} 31. a4 {[%clk 0:00:50]} Nb4 {[%clk 0:00:23]} 32. Kf1
{[%clk 0:00:47]} Nd3 {[%clk 0:00:23]} 33. Nfd2 {[%clk 0:00:42]} Nc5
{[%clk 0:00:18]} 34. Nxc5 {[%clk 0:00:37]} Bxc5 {[%clk 0:00:19]} 35. Ke2
{[%clk 0:00:35]} f5 {[%clk 0:00:20]} 36. f3 {[%clk 0:00:34]} Kf6 {[%clk 0:00:21]}
37. Kd3 {[%clk 0:00:33]} Ke5 {[%clk 0:00:18]} 38. Nb1 {[%clk 0:00:34]} h5
{[%clk 0:00:13]} 39. Nc3 a5 40. Nd5 {[%clk 0:00:34]} b6 {[%clk 0:00:16]} 41. Nc7
{[%clk 0:00:22]} h4 {[%clk 0:00:15]} 42. Kc3 {[%clk 0:00:15]} Bb4+
{[%clk 0:00:15]} 43. Kd3 Bc5 44. Na6 {[%clk 0:00:14]} Kd6 {[%clk 0:00:09]} 45.
Kc3 {[%clk 0:00:13]} Bf2 {[%clk 0:00:10]} 46. b4 {[%clk 0:00:13]} Be1+
{[%clk 0:00:10]} 47. Kb3 {[%clk 0:00:14]} axb4 {[%clk 0:00:11]} 48. Nxb4
{[%clk 0:00:15]} Bf2 {[%clk 0:00:10]} 49. Nd3 {[%clk 0:00:14]} Be3
{[%clk 0:00:10]} 50. Kb4 {[%clk 0:00:14]} Kc6 {[%clk 0:00:11]} 51. Ne5+
{[%clk 0:00:14]} Kd6 {[%clk 0:00:11]} 52. Nf7+ {[%clk 0:00:10]} Ke6
{[%clk 0:00:10]} 53. Nxg5+ {[%clk 0:00:05]} Kf6 {[%clk 0:00:11]} 54. Nh7+
{[%clk 0:00:05]} Kg7 {[%clk 0:00:10]} 55. a5 {[%clk 0:00:04]} bxa5+ 56. Kxa5
{[%clk 0:00:05]} Kxh7 {[%clk 0:00:12]} 57. Kb5 {[%clk 0:00:07]} Kg6
{[%clk 0:00:11]} 58. c5 {[%clk 0:00:08]} Kf6 {[%clk 0:00:12]} 59. c6
{[%clk 0:00:09]} Ke7 {[%clk 0:00:10]} 60. Ka6 {[%clk 0:00:09]} 1-0

[Event "Blitz 2018"]
[Site "Saint-Petersburg"]
[Date "2018.12.29"]
[Round "12"]
[Board "19"]
[White "Predke Alexandr (RUS)"]
[Black "Matlakov Maxim (RUS)"]
[Result "0-1"]
[LiveChessVersion "1.4.8"]
[BlackElo "2653"]
[WhiteElo "2482"]

1. e4 {[%clk 0:03:03]} e5 {[%clk 0:03:04]} 2. Nf3 {[%clk 0:03:04]} Nc6
{[%clk 0:03:05]} 3. Bb5 {[%clk 0:03:05]} a6 {[%clk 0:03:06]} 4. Ba4
{[%clk 0:03:06]} Nf6 {[%clk 0:03:06]} 5. d3 {[%clk 0:03:07]} d6 {[%clk 0:03:07]}
6. c3 {[%clk 0:03:04]} Be7 {[%clk 0:03:08]} 7. Nbd2 {[%clk 0:03:01]} O-O
{[%clk 0:03:08]} 8. O-O {[%clk 0:02:55]} b5 {[%clk 0:03:09]} 9. Bb3
{[%clk 0:02:54]} Na5 {[%clk 0:03:09]} 10. Bc2 {[%clk 0:02:55]} c5
{[%clk 0:03:10]} 11. Re1 {[%clk 0:02:54]} Nc6 {[%clk 0:03:10]} 12. Nf1
{[%clk 0:02:51]} Re8 {[%clk 0:03:03]} 13. h3 {[%clk 0:02:36]} h6 {[%clk 0:03:04]}
14. Ng3 {[%clk 0:02:37]} Be6 {[%clk 0:02:55]} 15. d4 {[%clk 0:02:34]} exd4
{[%clk 0:02:49]} 16. cxd4 {[%clk 0:02:34]} cxd4 {[%clk 0:02:47]} 17. Nxd4
{[%clk 0:02:35]} Nxd4 {[%clk 0:02:48]} 18. Qxd4 {[%clk 0:02:36]} Rc8
{[%clk 0:02:49]} 19. Bb3 {[%clk 0:02:21]} d5 {[%clk 0:02:41]} 20. exd5
{[%clk 0:01:54]} Nxd5 {[%clk 0:02:34]} 21. Ne4 {[%clk 0:01:33]} Qd7
{[%clk 0:02:31]} 22. Bd2 {[%clk 0:01:28]} Qb7 {[%clk 0:02:22]} 23. Rad1
{[%clk 0:01:25]} Red8 {[%clk 0:02:14]} 24. Qe5 {[%clk 0:01:20]} Qc7
{[%clk 0:02:09]} 25. Qxc7 {[%clk 0:01:17]} Nxc7 {[%clk 0:02:09]} 26. Ba5
{[%clk 0:01:14]} Rxd1 {[%clk 0:02:02]} 27. Rxd1 {[%clk 0:01:15]} Bxb3
{[%clk 0:02:03]} 28. axb3 {[%clk 0:01:16]} Ne6 {[%clk 0:02:04]} 29. Rd7
{[%clk 0:01:03]} Bf8 {[%clk 0:02:03]} 30. Rd2 {[%clk 0:00:39]} f5
{[%clk 0:01:58]} 31. Ng3 {[%clk 0:00:34]} g6 {[%clk 0:01:58]} 32. b4
{[%clk 0:00:32]} Kf7 {[%clk 0:01:41]} 33. Ne2 {[%clk 0:00:32]} Rc4
{[%clk 0:01:34]} 34. Rd7+ {[%clk 0:00:31]} Ke8 {[%clk 0:01:31]} 35. Ra7
{[%clk 0:00:30]} Bxb4 {[%clk 0:01:29]} 36. Rxa6 {[%clk 0:00:25]} Kf7
{[%clk 0:01:15]} 37. b3 {[%clk 0:00:08]} Re4 {[%clk 0:01:16]} 38. Ra7+
{[%clk 0:00:09]} Kf6 {[%clk 0:01:15]} 39. Bxb4 {[%clk 0:00:10]} Rxb4
{[%clk 0:01:15]} 40. Ra6 {[%clk 0:00:10]} Ke5 {[%clk 0:01:15]} 41. f4+
{[%clk 0:00:07]} Nxf4 {[%clk 0:01:06]} 42. Nxf4 {[%clk 0:00:08]} Kxf4
{[%clk 0:01:07]} 43. Rxg6 {[%clk 0:00:09]} h5 {[%clk 0:01:08]} 44. g3+
{[%clk 0:00:07]} Ke4 {[%clk 0:00:45]} 45. Kg2 {[%clk 0:00:04]} Rxb3
{[%clk 0:00:46]} 46. Re6+ {[%clk 0:00:05]} Kd5 {[%clk 0:00:46]} 47. Rh6
{[%clk 0:00:06]} Ke4 {[%clk 0:00:34]} 48. Re6+ {[%clk 0:00:06]} Kd4
{[%clk 0:00:30]} 49. Rh6 {[%clk 0:00:07]} Ke4 {[%clk 0:00:17]} 50. Re6+
{[%clk 0:00:08]} Kd5 {[%clk 0:00:12]} 51. Rh6 {[%clk 0:00:09]} b4
{[%clk 0:00:13]} 52. Rxh5 {[%clk 0:00:10]} Ke4 {[%clk 0:00:13]} 53. Rh4+
{[%clk 0:00:07]} Ke3 {[%clk 0:00:15]} 54. Rf4 {[%clk 0:00:08]} Rb2+
{[%clk 0:00:16]} 55. Kg1 {[%clk 0:00:08]} b3 {[%clk 0:00:16]} 56. Rxf5
{[%clk 0:00:06]} Rc2 {[%clk 0:00:15]} 57. Rb5 {[%clk 0:00:04]} b2
{[%clk 0:00:16]} 58. Rb3+ {[%clk 0:00:05]} Ke4 {[%clk 0:00:16]} 59. Rb4+
{[%clk 0:00:07]} Kf3 {[%clk 0:00:15]} 60. Rb3+ {[%clk 0:00:08]} Ke4
{[%clk 0:00:15]} 61. Rb4+ {[%clk 0:00:09]} Kd5 {[%clk 0:00:16]} 62. Rb5+
{[%clk 0:00:09]} Kc6 {[%clk 0:00:17]} 63. Rb8 {[%clk 0:00:09]} Rc1+
{[%clk 0:00:17]} 64. Kf2 {[%clk 0:00:11]} b1=Q {[%clk 0:00:17]} 65. Rxb1
{[%clk 0:00:11]} Rxb1 {[%clk 0:00:18]} 66. Kf3 {[%clk 0:00:12]} Rb4
{[%clk 0:00:19]} 67. g4 {[%clk 0:00:12]} Kd7 {[%clk 0:00:20]} 0-1

[Event "Blitz 2018"]
[Site "Saint-Petersburg"]
[Date "2018.12.29"]
[Round "12"]
[Board "20"]
[White "Jones Gawain C B (ENG)"]
[Black "Savchenko Boris (RUS)"]
[Result "1-0"]
[LiveChessVersion "1.4.8"]
[BlackElo "2639"]
[WhiteElo "2722"]

1. e4 {[%clk 0:03:02]} e6 {[%clk 0:03:04]} 2. d4 {[%clk 0:03:02]} d5
{[%clk 0:03:04]} 3. Nd2 {[%clk 0:03:03]} c5 {[%clk 0:03:05]} 4. exd5
{[%clk 0:03:02]} exd5 {[%clk 0:03:05]} 5. Ngf3 {[%clk 0:03:03]} Nf6
{[%clk 0:03:06]} 6. Bb5+ {[%clk 0:03:03]} Bd7 {[%clk 0:03:07]} 7. Qe2+
{[%clk 0:03:00]} Be7 {[%clk 0:03:08]} 8. dxc5 {[%clk 0:02:57]} O-O
{[%clk 0:03:08]} 9. Nb3 {[%clk 0:02:46]} a6 {[%clk 0:03:08]} 10. Bxd7
{[%clk 0:02:42]} Nbxd7 {[%clk 0:03:09]} 11. Be3 {[%clk 0:02:42]} Rc8
{[%clk 0:03:04]} 12. O-O {[%clk 0:02:38]} Re8 {[%clk 0:03:04]} 13. Qd3
{[%clk 0:02:31]} Nxc5 {[%clk 0:03:03]} 14. Nxc5 {[%clk 0:02:31]} Bxc5
{[%clk 0:03:04]} 15. Bxc5 {[%clk 0:02:30]} Rxc5 {[%clk 0:03:04]} 16. Rfe1
{[%clk 0:02:30]} Rc8 {[%clk 0:02:58]} 17. h3 {[%clk 0:02:03]} h6 {[%clk 0:02:56]}
18. Rxe8+ {[%clk 0:02:01]} Qxe8 {[%clk 0:02:56]} 19. Nd4 {[%clk 0:01:57]} Qe4
{[%clk 0:02:55]} 20. Rd1 {[%clk 0:01:57]} g6 {[%clk 0:02:51]} 21. c3
{[%clk 0:01:56]} Kg7 {[%clk 0:02:50]} 22. Nb3 {[%clk 0:01:53]} Qa4
{[%clk 0:02:49]} 23. Qb1 {[%clk 0:01:50]} Re8 {[%clk 0:02:48]} 24. Nd4
{[%clk 0:01:45]} Ne4 {[%clk 0:02:42]} 25. a3 {[%clk 0:01:40]} Re5
{[%clk 0:02:39]} 26. Nf3 {[%clk 0:01:34]} Rf5 {[%clk 0:02:37]} 27. Qd3
{[%clk 0:01:33]} Nd6 {[%clk 0:02:19]} 28. Re1 {[%clk 0:01:24]} Ne4
{[%clk 0:01:49]} 29. c4 {[%clk 0:01:14]} Nf6 {[%clk 0:01:48]} 30. Nd4
{[%clk 0:01:07]} Rf4 {[%clk 0:01:49]} 31. Re7 {[%clk 0:01:07]} Kf8
{[%clk 0:01:38]} 32. Rxb7 {[%clk 0:01:06]} Qxc4 {[%clk 0:01:35]} 33. Ne6+
{[%clk 0:00:49]} fxe6 {[%clk 0:01:32]} 34. Qxg6 {[%clk 0:00:50]} Nd7
{[%clk 0:00:50]} 35. Rxd7 {[%clk 0:00:42]} Qd4 {[%clk 0:00:24]} 36. Rd8+
{[%clk 0:00:24]} Ke7 {[%clk 0:00:25]} 37. Re8+ {[%clk 0:00:25]} Kd6
{[%clk 0:00:26]} 38. Qxe6+ {[%clk 0:00:25]} Kc5 {[%clk 0:00:27]} 39. Rc8+
{[%clk 0:00:25]} Kb5 {[%clk 0:00:28]} 40. Qc6+ {[%clk 0:00:25]} Ka5
{[%clk 0:00:29]} 41. b4+ {[%clk 0:00:26]} 1-0

[Event "Blitz 2018"]
[Site "Saint-Petersburg"]
[Date "2018.12.29"]
[Round "12"]
[Board "22"]
[White "Hovhannisyan Robert (ARM)"]
[Black "Guseinov Gadir (AZE)"]
[Result "1-0"]
[LiveChessVersion "1.4.8"]
[BlackElo "2708"]
[WhiteElo "2588"]

1. e4 {[%clk 0:03:03]} c5 {[%clk 0:03:04]} 2. Nf3 {[%clk 0:03:04]} g6
{[%clk 0:03:05]} 3. d4 {[%clk 0:03:04]} cxd4 {[%clk 0:03:06]} 4. Nxd4
{[%clk 0:03:05]} Nc6 {[%clk 0:03:07]} 5. c4 {[%clk 0:03:07]} Nf6 {[%clk 0:03:07]}
6. Nc3 {[%clk 0:03:07]} d6 {[%clk 0:03:09]} 7. Be2 {[%clk 0:03:06]} Nxd4
{[%clk 0:03:09]} 8. Qxd4 {[%clk 0:03:07]} Bg7 {[%clk 0:03:11]} 9. Be3
{[%clk 0:03:00]} O-O {[%clk 0:03:11]} 10. Qd3 {[%clk 0:03:01]} a5
{[%clk 0:03:11]} 11. Bd4 {[%clk 0:02:51]} a4 {[%clk 0:03:09]} 12. O-O
{[%clk 0:02:50]} Qa5 {[%clk 0:02:52]} 13. Nd5 {[%clk 0:02:31]} Nxd5
{[%clk 0:02:48]} 14. exd5 {[%clk 0:02:18]} Bf5 {[%clk 0:02:21]} 15. Qe3
{[%clk 0:02:20]} Bxd4 {[%clk 0:02:22]} 16. Qxd4 {[%clk 0:02:21]} Qb4
{[%clk 0:02:23]} 17. a3 {[%clk 0:02:14]} Qc5 {[%clk 0:02:16]} 18. Qd2
{[%clk 0:02:04]} e5 {[%clk 0:02:08]} 19. dxe6 {[%clk 0:02:04]} Bxe6
{[%clk 0:02:10]} 20. Rfd1 {[%clk 0:01:59]} Ra6 {[%clk 0:02:08]} 21. Rac1
{[%clk 0:01:56]} Rb6 {[%clk 0:02:06]} 22. Rc3 {[%clk 0:01:55]} Qe5
{[%clk 0:01:56]} 23. Bf1 {[%clk 0:01:52]} Rc8 {[%clk 0:01:50]} 24. Qc2
{[%clk 0:01:32]} Kg7 {[%clk 0:01:37]} 25. Rd2 {[%clk 0:01:29]} Rc7
{[%clk 0:01:13]} 26. h3 {[%clk 0:01:09]} h5 {[%clk 0:01:13]} 27. Re3
{[%clk 0:01:07]} Qf6 {[%clk 0:01:03]} 28. Rf3 {[%clk 0:01:08]} Qe5
{[%clk 0:00:58]} 29. Re3 {[%clk 0:01:09]} Qf6 {[%clk 0:00:55]} 30. Rf3
{[%clk 0:01:10]} Qg5 {[%clk 0:00:52]} 31. Rg3 {[%clk 0:00:50]} Qe5
{[%clk 0:00:44]} 32. Re3 {[%clk 0:00:48]} Qf6 {[%clk 0:00:28]} 33. Rf3
{[%clk 0:00:49]} Qg5 {[%clk 0:00:21]} 34. Qc3+ {[%clk 0:00:50]} Qe5
{[%clk 0:00:22]} 35. Re3 {[%clk 0:00:37]} Qxc3 {[%clk 0:00:21]} 36. Rxc3
{[%clk 0:00:38]} Kf6 {[%clk 0:00:18]} 37. h4 {[%clk 0:00:38]} Rc5
{[%clk 0:00:18]} 38. g3 {[%clk 0:00:36]} Rbc6 {[%clk 0:00:18]} 39. Rd4
{[%clk 0:00:35]} Ke7 {[%clk 0:00:15]} 40. f3 {[%clk 0:00:34]} Rc7
{[%clk 0:00:14]} 41. Kf2 {[%clk 0:00:33]} R7c6 {[%clk 0:00:11]} 42. Ke3
{[%clk 0:00:31]} Rb6 {[%clk 0:00:11]} 43. Rd2 {[%clk 0:00:30]} Rbc6
{[%clk 0:00:11]} 44. Kd4 {[%clk 0:00:28]} Re5 {[%clk 0:00:10]} 45. Bd3
{[%clk 0:00:18]} Re1 {[%clk 0:00:10]} 46. c5 {[%clk 0:00:15]} Rg1
{[%clk 0:00:10]} 47. Be4 {[%clk 0:00:12]} dxc5+ {[%clk 0:00:10]} 48. Ke3
{[%clk 0:00:08]} Rc7 {[%clk 0:00:09]} 49. Kf2 {[%clk 0:00:08]} Rh1
{[%clk 0:00:08]} 50. Ke3 {[%clk 0:00:08]} b6 {[%clk 0:00:08]} 51. Kf4
{[%clk 0:00:07]} Re1 {[%clk 0:00:07]} 52. Rcc2 {[%clk 0:00:05]} Rd7
{[%clk 0:00:06]} 53. Bc6 {[%clk 0:00:04]} Rxd2 {[%clk 0:00:06]} 54. Rxd2
{[%clk 0:00:06]} Rc1 {[%clk 0:00:06]} 55. Ke3 {[%clk 0:00:06]} Bb3
{[%clk 0:00:04]} 56. Rd7+ {[%clk 0:00:06]} Kf8 {[%clk 0:00:06]} 57. Rb7
{[%clk 0:00:06]} Rc2 {[%clk 0:00:06]} 58. Rxb6 {[%clk 0:00:07]} c4
{[%clk 0:00:06]} 59. Kd4 {[%clk 0:00:07]} Rxb2 {[%clk 0:00:06]} 60. Bd5
{[%clk 0:00:06]} Rd2+ {[%clk 0:00:06]} 61. Ke5 {[%clk 0:00:07]} 1-0

[Event "Blitz 2018"]
[Site "Saint-Petersburg"]
[Date "2018.12.29"]
[Round "12"]
[Board "23"]
[White "Kazhgaleyev Murtas (KAZ)"]
[Black "Melkumyan Hrant (ARM)"]
[Result "0-1"]
[LiveChessVersion "1.4.8"]
[BlackElo "2699"]
[WhiteElo "2553"]

1. d4 {[%clk 0:03:02]} e6 {[%clk 0:03:04]} 2. c4 {[%clk 0:03:02]} b6
{[%clk 0:03:05]} 3. a3 {[%clk 0:03:01]} Bb7 {[%clk 0:03:06]} 4. Nc3
{[%clk 0:03:02]} Nf6 {[%clk 0:03:06]} 5. d5 {[%clk 0:03:00]} Be7 {[%clk 0:02:34]}
6. e4 {[%clk 0:03:00]} O-O {[%clk 0:02:33]} 7. Bd3 {[%clk 0:02:55]} exd5
{[%clk 0:02:27]} 8. exd5 {[%clk 0:02:43]} c6 {[%clk 0:02:28]} 9. dxc6
{[%clk 0:02:40]} dxc6 {[%clk 0:02:17]} 10. Nf3 {[%clk 0:02:41]} Nbd7
{[%clk 0:02:17]} 11. O-O {[%clk 0:02:39]} Qc7 {[%clk 0:02:17]} 12. Re1
{[%clk 0:02:32]} Rfe8 {[%clk 0:02:15]} 13. Bg5 {[%clk 0:02:24]} c5
{[%clk 0:01:57]} 14. Nb5 {[%clk 0:02:02]} Qc6 {[%clk 0:01:58]} 15. Bf1
{[%clk 0:02:00]} a6 {[%clk 0:01:54]} 16. Nc3 {[%clk 0:02:01]} Bd6
{[%clk 0:01:49]} 17. Qc2 {[%clk 0:01:55]} Qc7 {[%clk 0:01:49]} 18. Qf5
{[%clk 0:01:45]} Bxf3 {[%clk 0:01:49]} 19. Qxf3 {[%clk 0:01:46]} Bxh2+
{[%clk 0:01:49]} 20. Kh1 {[%clk 0:01:47]} Be5 {[%clk 0:01:50]} 21. Rad1
{[%clk 0:01:34]} h6 {[%clk 0:01:41]} 22. Bc1 {[%clk 0:01:34]} Rad8
{[%clk 0:01:34]} 23. g3 {[%clk 0:01:27]} Bd4 {[%clk 0:01:34]} 24. Bg2
{[%clk 0:01:23]} Ne5 {[%clk 0:01:32]} 25. Qf4 {[%clk 0:01:09]} Qc8
{[%clk 0:01:19]} 26. Nd5 {[%clk 0:01:08]} Neg4 {[%clk 0:00:48]} 27. Nxf6+
{[%clk 0:00:51]} Nxf6 {[%clk 0:00:46]} 28. Bf3 {[%clk 0:00:29]} Qh3+
{[%clk 0:00:33]} 29. Kg1 {[%clk 0:00:30]} Nh5 {[%clk 0:00:24]} 30. Bxh5
{[%clk 0:00:24]} Qxh5 {[%clk 0:00:25]} 31. Kg2 {[%clk 0:00:17]} Qg6
{[%clk 0:00:23]} 32. Be3 {[%clk 0:00:17]} Qc6+ {[%clk 0:00:23]} 33. Qf3
{[%clk 0:00:12]} Qxf3+ {[%clk 0:00:23]} 34. Kxf3 {[%clk 0:00:13]} Bxb2
{[%clk 0:00:25]} 35. Rb1 {[%clk 0:00:14]} Bxa3 {[%clk 0:00:26]} 36. Rxb6
{[%clk 0:00:15]} a5 {[%clk 0:00:27]} 37. Rb7 {[%clk 0:00:07]} Bb4
{[%clk 0:00:28]} 38. Rb1 {[%clk 0:00:07]} Ra8 {[%clk 0:00:27]} 39. Rb5
{[%clk 0:00:04]} Rec8 {[%clk 0:00:28]} 40. Ra1 {[%clk 0:00:06]} a4
{[%clk 0:00:29]} 41. Ra2 {[%clk 0:00:07]} a3 {[%clk 0:00:30]} 42. Ke2
{[%clk 0:00:08]} Rc6 {[%clk 0:00:30]} 43. Kd3 {[%clk 0:00:08]} h5
{[%clk 0:00:31]} 44. Ke4 {[%clk 0:00:08]} Rd8 {[%clk 0:00:29]} 45. Bc1
{[%clk 0:00:09]} Re6+ {[%clk 0:00:28]} 46. Kf3 {[%clk 0:00:10]} Rd3+
{[%clk 0:00:29]} 47. Kg2 {[%clk 0:00:11]} Rc3 {[%clk 0:00:30]} 48. Be3
{[%clk 0:00:10]} Rxc4 {[%clk 0:00:30]} 49. Rb8+ {[%clk 0:00:10]} Kh7
{[%clk 0:00:31]} 50. Rb7 {[%clk 0:00:11]} Kg6 {[%clk 0:00:33]} 51. Kf3
{[%clk 0:00:12]} Rc3 {[%clk 0:00:34]} 52. Kg2 {[%clk 0:00:13]} Rexe3
{[%clk 0:00:28]} 53. fxe3 {[%clk 0:00:14]} Rxe3 {[%clk 0:00:29]} 54. Rf2
{[%clk 0:00:15]} f6 {[%clk 0:00:30]} 55. Ra7 {[%clk 0:00:16]} Rb3
{[%clk 0:00:31]} 56. Kh3 {[%clk 0:00:16]} Rb2 {[%clk 0:00:31]} 57. Rf1
{[%clk 0:00:18]} c4 {[%clk 0:00:30]} 58. Rd1 {[%clk 0:00:19]} c3 {[%clk 0:00:30]}
59. Rdd7 {[%clk 0:00:20]} c2 {[%clk 0:00:31]} 60. Rxg7+ {[%clk 0:00:21]} Kf5
{[%clk 0:00:32]} 61. Rgc7 {[%clk 0:00:22]} a2 {[%clk 0:00:27]} 62. Rc4
{[%clk 0:00:22]} Rb1 {[%clk 0:00:23]} 63. Rxa2 {[%clk 0:00:19]} c1=Q
{[%clk 0:00:24]} 64. Rf2+ {[%clk 0:00:20]} Kg6 {[%clk 0:00:24]} 0-1

[Event "Blitz 2018"]
[Site "Saint-Petersburg"]
[Date "2018.12.29"]
[Round "12"]
[Board "24"]
[White "Kovalenko Igor (LAT)"]
[Black "Yudin Sergei (RUS)"]
[Result "1/2-1/2"]
[LiveChessVersion "1.4.8"]
[BlackElo "2533"]
[WhiteElo "2693"]

1. c4 {[%clk 0:03:02]} e6 {[%clk 0:03:03]} 2. Nc3 {[%clk 0:03:04]} d5
{[%clk 0:03:04]} 3. d4 {[%clk 0:03:05]} c6 {[%clk 0:03:05]} 4. e4
{[%clk 0:03:03]} Bb4 {[%clk 0:03:06]} 5. cxd5 {[%clk 0:02:58]} exd5
{[%clk 0:03:06]} 6. e5 {[%clk 0:02:54]} Ne7 {[%clk 0:03:07]} 7. Bd3
{[%clk 0:02:48]} c5 {[%clk 0:03:03]} 8. a3 {[%clk 0:02:45]} Ba5 {[%clk 0:03:02]}
9. Nge2 {[%clk 0:02:00]} Nbc6 {[%clk 0:02:43]} 10. Bb5 {[%clk 0:01:58]} cxd4
{[%clk 0:02:38]} 11. Nxd4 {[%clk 0:01:57]} O-O {[%clk 0:02:39]} 12. Bxc6
{[%clk 0:01:20]} Nxc6 {[%clk 0:02:30]} 13. Nxc6 bxc6 {[%clk 0:02:30]} 14. O-O
{[%clk 0:01:20]} Re8 {[%clk 0:02:25]} 15. Bf4 {[%clk 0:00:45]} Bc7
{[%clk 0:01:10]} 16. Re1 {[%clk 0:00:44]} Rb8 {[%clk 0:01:11]} 17. b4
{[%clk 0:00:44]} a5 {[%clk 0:01:12]} 18. Rb1 {[%clk 0:00:40]} axb4
{[%clk 0:01:13]} 19. axb4 {[%clk 0:00:41]} Ba6 {[%clk 0:01:11]} 20. Qf3
{[%clk 0:00:36]} Bc4 {[%clk 0:01:09]} 21. Qg3 {[%clk 0:00:35]} Qe7
{[%clk 0:01:06]} 22. h4 {[%clk 0:00:30]} Kh8 {[%clk 0:00:59]} 23. Bg5
{[%clk 0:00:22]} Qf8 {[%clk 0:00:59]} 24. Bf4 {[%clk 0:00:24]} Rxb4
{[%clk 0:00:56]} 25. Rxb4 {[%clk 0:00:23]} Qxb4 {[%clk 0:00:56]} 26. Rb1
{[%clk 0:00:24]} Qa5 {[%clk 0:00:49]} 27. Rc1 {[%clk 0:00:06]} Bb6
{[%clk 0:00:42]} 28. Nd1 {[%clk 0:00:05]} Qe1+ {[%clk 0:00:36]} 29. Kh2
{[%clk 0:00:06]} h6 {[%clk 0:00:37]} 30. Nb2 {[%clk 0:00:07]} Qxf2
{[%clk 0:00:29]} 31. Nxc4 {[%clk 0:00:08]} dxc4 {[%clk 0:00:29]} 32. Rxc4
{[%clk 0:00:09]} Qxg3+ {[%clk 0:00:28]} 33. Kxg3 {[%clk 0:00:10]} Bc7
{[%clk 0:00:26]} 34. Rxc6 {[%clk 0:00:11]} Bxe5 {[%clk 0:00:27]} 35. Bxe5
{[%clk 0:00:11]} 1/2-1/2